000 00913nam a2200253Ia 4500
003 GCL
008 140319s9999 xx 000 0 ara d
020 _a205823977
040 _aGCL /
_cGCL
082 0 4 _a923.2
_bا ر
100 1 _aاسامة حسن
245 1 0 _aرجال لهم تاريخ /
_cاسامة حسن
260 _aالقاهرة :
_bدار الامل للنشر والتوزيع ،
_c1998
300 _a127 ص ؛
_c22 سم
650 0 4 _aالحروب الصليبية
650 0 4 _aصلاح الدين الايوبى
650 0 4 _aالظاهر بيبرس
650 0 4 _aاحمد بن طولون
650 0 4 _aجوهر الصقلى
650 0 4 _aمصر - تاريخ - العصر الفاطمى ( 969-1171 م )
650 0 4 _aمصر - تاريخ - عصر المماليك ( 1250-1517 م )
650 0 4 _aمصر - تاريخ - العصر الايوبى ( 1171-1250 م )
942 _2ddc
_cBK
999 _c58110
_d58110